Surgery for Sleep-Disordered Breathing

In recent years, the spectrum of therapy for sleep-related breathing disorders has been immensely enriched by numerous innovative surgical procedures and techniques. Deciding which therapy is most appropriate for which patient is often a difficult matter, especially in light of the non-surgical alte...

Πλήρης περιγραφή

Λεπτομέρειες βιβλιογραφικής εγγραφής
Κύριοι συγγραφείς: Hörmann, Karl (Συγγραφέας), Verse, Thomas (Συγγραφέας)
Συγγραφή απο Οργανισμό/Αρχή: SpringerLink (Online service)
Μορφή: Ηλεκτρονική πηγή Ηλ. βιβλίο
Γλώσσα:English
Έκδοση: Berlin, Heidelberg : Springer Berlin Heidelberg, 2005.
Θέματα:
Διαθέσιμο Online:Full Text via HEAL-Link
LEADER 03031nam a22005295i 4500
001 978-3-540-27608-1
003 DE-He213
005 20151204144337.0
007 cr nn 008mamaa
008 100301s2005 gw | s |||| 0|eng d
020 |a 9783540276081  |9 978-3-540-27608-1 
024 7 |a 10.1007/3-540-27608-4  |2 doi 
040 |d GrThAP 
050 4 |a RF1-547 
072 7 |a MJP  |2 bicssc 
072 7 |a MED066000  |2 bisacsh 
082 0 4 |a 617.51  |2 23 
100 1 |a Hörmann, Karl.  |e author. 
245 1 0 |a Surgery for Sleep-Disordered Breathing  |h [electronic resource] /  |c by Karl Hörmann, Thomas Verse. 
264 1 |a Berlin, Heidelberg :  |b Springer Berlin Heidelberg,  |c 2005. 
300 |a XIV, 162 p. 92 illus. in color.  |b online resource. 
336 |a text  |b txt  |2 rdacontent 
337 |a computer  |b c  |2 rdamedia 
338 |a online resource  |b cr  |2 rdacarrier 
347 |a text file  |b PDF  |2 rda 
505 0 |a Sleep-Disordered Breathing -- General Aspects of Therapy -- Identifying the Site of Obstruction -- Nasal Surgery -- Nasopharyngeal Surgery -- Palatal Surgery -- Lower Pharyngeal Airway Procedures -- Maxillofacial Surgeries -- Laryngeal Obstructive Sleep Apnea -- Multi-Level Surgery -- Tracheotomy -- Bariatric Surgery -- Anesthesiologic Airway Management. 
520 |a In recent years, the spectrum of therapy for sleep-related breathing disorders has been immensely enriched by numerous innovative surgical procedures and techniques. Deciding which therapy is most appropriate for which patient is often a difficult matter, especially in light of the non-surgical alternatives. This book analyses the efficiency of the recognised surgical procedures; it is rooted in evidence-based medicine. Indications, techniques, complications, and specific follow-up treatments in the realm of sleep medicine have been compiled in the form of a primer. The authors are directors of one of the largest otolaryngological sleep laboratories in the world and perform approximately 1,500 surgical sleep medicine procedures per year. The complete surgical and sleep medicine know-how of the authors, as well as the experience of numerous international courses on sleep surgery, have been incorporated into this volume. It is therefore the fundamental textbook for sleep medicine surgeons. 
650 0 |a Dentistry. 
650 0 |a Medicine. 
650 0 |a Respiratory organs  |x Diseases. 
650 0 |a Otorhinolaryngology. 
650 0 |a Surgery. 
650 0 |a Oral surgery. 
650 0 |a Maxillofacial surgery. 
650 1 4 |a Medicine & Public Health. 
650 2 4 |a Otorhinolaryngology. 
650 2 4 |a Pneumology/Respiratory System. 
650 2 4 |a Oral and Maxillofacial Surgery. 
650 2 4 |a Surgery. 
650 2 4 |a Dentistry. 
700 1 |a Verse, Thomas.  |e author. 
710 2 |a SpringerLink (Online service) 
773 0 |t Springer eBooks 
776 0 8 |i Printed edition:  |z 9783540219514 
856 4 0 |u http://dx.doi.org/10.1007/3-540-27608-4  |z Full Text via HEAL-Link 
912 |a ZDB-2-SME 
950 |a Medicine (Springer-11650)